All Countries of the World in Guessed Order With Hints - Statistics

General Stats
  • This quiz has been taken 291 times
  • The average score is 47 of 196
Answers on the Map
Answers color-coded by a green-red scale on the quiz's map according to % correct below.
 
Answer Stats
Area Country Next % Correct
96% Canada R
99%
97% United States C
99%
96% Russia M
90%
95% Mexico C
86%
95% China B
83%
94% Brazil F
82%
94% France I
81%
94% Italy U
75%
94% United Kingdom A
74%
94% Australia S
73%
93% Spain G
73%
92% Germany I
71%
92% India J
70%
92% Japan I
70%
88% Iceland I
63%
88% Ireland A
63%
87% Argentina P
61%
87% Portugal S
60%
87% Sweden E
58%
87% Egypt S
55%
85% Norway N
52%
87% South Africa C
52%
85% North Korea S
51%
86% Chile N
50%
84% Finland T
50%
85% South Korea F
50%
84% Turkey G
49%
82% Denmark I
48%
83% Greece P
47%
82% Iran N
47%
83% Poland D
47%
80% Iraq M
46%
82% New Zealand I
46%
78% Cuba P
44%
77% Netherlands U
44%
78% Switzerland N
44%
79% Madagascar C
43%
78% Peru S
43%
77% Ukraine P
43%
77% Pakistan M
42%
74% Indonesia S
41%
75% Austria N
40%
71% Afghanistan I
39%
75% Belgium A
39%
75% Colombia B
39%
72% Morocco V
39%
75% Niger I
39%
74% Saudi Arabia T
39%
69% Uruguay D
39%
72% Vietnam A
39%
76% Mongolia C
38%
73% Thailand M
38%
70% Israel U
37%
67% Kazakhstan V
37%
66% Venezuela R
37%
67% Bolivia K
36%
68% Democratic Republic of the Congo P
36%
66% Hungary P
36%
66% Nigeria R
36%
67% Panama B
36%
66% Romania H
36%
66% Sudan N
35%
66% Philippines S
34%
65% Paraguay C
32%
64% Algeria C
31%
64% Croatia A
31%
63% Czech Republic N
31%
62% Estonia S
31%
60% Haiti J
31%
60% Jamaica U
31%
63% Nepal S
31%
66% Republic of the Congo P
31%
61% Latvia Y
30%
62% Libya L
30%
62% Slovakia E
30%
62% Syria L
30%
61% Yemen H
30%
60% Ethiopia K
28%
60% United Arab Emirates E
28%
60% Kenya L
27%
59% Ecuador O
25%
59% Oman P
25%
60% Somalia B
25%
59% Belarus E
24%
60% Lithuania S
21%
59% Papua New Guinea C
20%
58% Bulgaria S
19%
59% Chad M
19%
59% Malaysia S
19%
57% Serbia T
19%
58% Albania B
18%
58% Dominica A
18%
57% Laos L
17%
59% Sri Lanka D
17%
57% Taiwan L
17%
56% Luxembourg S
16%
56% Slovenia C
16%
56% Cambodia J
15%
56% Jordan C
15%
55% Bosnia and Herzegovina B
14%
55% Costa Rica B
14%
55% Bangladesh T
13%
51% Dominican Republic G
13%
51% Guatemala V
13%
54% Tunisia U
13%
53% Honduras G
12%
50% Mali B
12%
52% Myanmar D
12%
54% Uzbekistan Z
12%
51% Vatican City C
12%
54% Zimbabwe H
12%
49% Bahamas N
11%
51% Cyprus G
11%
51% Ghana M
11%
52% Georgia M
10%
48% Angola N
9%
47% Nicaragua M
9%
49% North Macedonia S
9%
45% Belize F
8%
46% El Salvador M
8%
49% Qatar A
8%
49% South Sudan T
8%
45% Tanzania U
8%
49% Turkmenistan Q
8%
46% Andorra I
7%
47% Armenia L
7%
45% Fiji A
7%
46% Ivory Coast B
7%
47% Lebanon S
7%
47% Malta A
7%
46% Moldova A
7%
47% Singapore E
7%
42% Suriname L
7%
45% Zambia G
7%
45% Azerbaijan T
6%
43% Bhutan B
6%
43% Botswana C
6%
43% Central African Republic S
6%
44% Guinea K
6%
44% Guyana M
6%
42% Kuwait N
6%
42% Liechtenstein K
6%
42% Namibia L
6%
45% Uganda Z
6%
40% Cameroon T
5%
43% Kosovo B
5%
41% Liberia S
5%
44% Monaco G
5%
44% Montenegro M
5%
41% Mozambique C
5%
41% Senegal M
5%
28% Antigua and Barbuda S
4%
29% Burundi A
4%
30% Cape Verde B
4%
30% Equatorial Guinea S
4%
29% Saint Lucia B
4%
30% Samoa B
4%
28% Solomon Islands E
4%
34% Bahrain B
3%
36% Barbados T
3%
34% Benin G
3%
30% Brunei S
3%
30% Burkina Faso E
3%
24% Comoros N
3%
33% Djibouti M
3%
28% East Timor S
3%
37% Eritrea B
3%
36% Eswatini M
3%
31% F. S. Micronesia S
3%
32% Gabon M
3%
33% Gambia S
3%
25% Grenada P
3%
27% Guinea-Bissau M
3%
24% Kiribati C
3%
39% Kyrgyzstan T
3%
38% Lesotho M
3%
33% Malawi G
3%
37% Maldives E
3%
26% Marshall Islands T
3%
35% Mauritania B
3%
32% Mauritius F
3%
23% Nauru S
3%
25% Palau S
3%
40% Rwanda K
3%
27% Saint Kitts and Nevis G
3%
24% Saint Vincent and the Grenadines K
3%
38% San Marino L
3%
23% Sao Tome and Principe !
3%
31% Seychelles T
3%
33% Sierra Leone D
3%
39% Tajikistan S
3%
40% Togo R
3%
30% Tonga C
3%
36% Trinidad and Tobago E
3%
26% Tuvalu V
3%
26% Vanuatu G
3%
No matching quizzes found
Score Distribution
Percent of People with Each Score
Percentile by Number Answered
Your Score History
You have not taken this quiz